000 00506cam a2200193ua 4500
001 11609
008 191012n ii |||gr||||Z||||||eng
020 _a9788190370369
040 _cMAIN
082 _a338.9
100 _aG.Ram . ,
_eEditor.,
245 _aDevelopment in India :
_bin search of alternative /
_cEdited by G.Ram .
250 _a1st ed.
260 _aNew Delhi:
_bWinshield Press ,
_c2016.
300 _a231p.
653 _aProduction
653 _aProcess of development
942 _cBK
999 _c10426
_d10426